<?xml version="1.0" encoding="UTF-8"?>
<record
    xmlns:xsi="http://www.w3.org/2001/XMLSchema-instance"
    xsi:schemaLocation="http://www.loc.gov/MARC21/slim http://www.loc.gov/standards/marcxml/schema/MARC21slim.xsd"
    xmlns="http://www.loc.gov/MARC21/slim">

  <leader>02839    a2200205   4500</leader>
  <controlfield tag="001">37396</controlfield>
  <controlfield tag="005">20260407155642.0</controlfield>
  <controlfield tag="008">260407a1966    arg                 spa d</controlfield>
  <controlfield tag="003">AR-UNSa-BCEJYS</controlfield>
  <datafield tag="040" ind1=" " ind2=" ">
    <subfield code="a">AR-UNSa-BCEJYS</subfield>
    <subfield code="b">spa</subfield>
    <subfield code="c">AR-UNSa-BCEJYS</subfield>
  </datafield>
  <datafield tag="080" ind1=" " ind2=" ">
    <subfield code="a">658.53</subfield>
    <subfield code="x">Rendimiento y tiempos en el proceso de producci&#xF3;n
</subfield>
  </datafield>
  <datafield tag="245" ind1="1" ind2="0">
    <subfield code="a">Estudio de movimientos y tiempos</subfield>
  </datafield>
  <datafield tag="250" ind1=" " ind2=" ">
    <subfield code="a">5a. ed.</subfield>
  </datafield>
  <datafield tag="264" ind1=" " ind2="1">
    <subfield code="a">Madrid :</subfield>
    <subfield code="b">Aguilar</subfield>
    <subfield code="c">1966</subfield>
  </datafield>
  <datafield tag="300" ind1=" " ind2=" ">
    <subfield code="a">575 p.</subfield>
    <subfield code="c">22 cm.</subfield>
  </datafield>
  <datafield tag="505" ind1=" " ind2=" ">
    <subfield code="a">1. Definici&#xF3;n y objeto del estudio de movimientos y tiempos - 2. Historia del estudio de movimientos y tiempos - 3. Procedimiento general de resoluci&#xF3;n de problemas - 4. L&#xED;mites de aplicaci&#xF3;n de estudio de movimientos y tiempos - 5. Estudio de m&#xE9;todos de trabajo. Visi&#xF3;n general - 6. Estudio de m&#xE9;todos de trabajo. Desarrollo de un m&#xE9;todo mejor - 7. An&#xE1;lisis del proceso - 8. Diagramas de actividad.Diagramas hombre-m&#xE1;quina - 9. An&#xE1;lisis de la operaci&#xF3;n - 10. Eastudio de micromovimientos - 11. Movimientos fundamentales de las manos - 12. Equipo para estudios de movimientos y micromovimientos - 13. Forma de hacer la pel&#xED;cula - 14. An&#xE1;lisis de la pel&#xED;cula - 15. Uso de los movimientos fundamentales de las manos - 16. Ingenier&#xED;a humana - 17. Principios de econom&#xED;a de movimientos relacionados con el cuerpo humano - 18. Principios de econom&#xED;a de movimientos relacionados con el lugar de trabajo - 19. Principios de econom&#xED;a de movimientos relacionados con el dise&#xF1;o de herramientas y equipo - 20. Estudio de movimientos, mecanizaci&#xF3;n y automatizaci&#xF3;n - 21. Ampliaci&#xF3;n de la tarea y productividad de la mano de obra - 22. Normalizaci&#xF3;n. Hoja de instrucciones normalizadas - 23. Relaci&#xF3;n entre el estudio de movimientos y tiempos y los sistemas de primas por rendimiento - 24. Estudio de tiempos: equipo necesario; realizaci&#xF3;n del estudio de tiempos - 25. Estudio de tiempos: determinaci&#xF3;n del factor de valoraci&#xF3;n - 26. Estudio de tiempos: determinaci&#xF3;n de los suplementos y del tiempo tipo - 27. Estudio mecanizado de tiempos y elaboraci&#xF3;n electr&#xF3;nica de datos - 28. Determinaci&#xF3;n de tiempos tipo a partir de datos de tiempos elementales y de f&#xF3;rmulas - 29. Uso de tiempos elementales y de f&#xF3;rmulas: talla de engranajes, soldadura de cajas met&#xE1;licas - 30. Determinaci&#xF3;n de tiempos tipo para trabajos de troquel y herramientas - 31. Sistemas de tiempos predeterminados: su aplicaci&#xF3;n a trabajos de montaje - 32. Sistemas de tiempos predeterminados - 33. Muestreo de trabajo - 34. Medida de trabajo por m&#xE9;todos fisiol&#xF3;gicos - 35. Fatiga - 36. Programas de ense&#xF1;anza del estudio de movimientos y tiempos - 37. Formaci&#xF3;n del operario y efectos de la pr&#xE1;ctica - 38. Evaluaci&#xF3;n y control de factores distintos de la mano de obra  </subfield>
  </datafield>
  <datafield tag="942" ind1=" " ind2=" ">
    <subfield code="c">BK</subfield>
  </datafield>
  <datafield tag="590" ind1=" " ind2=" ">
    <subfield code="a">niveau_biblio:m niveau_hierar:0</subfield>
  </datafield>
  <datafield tag="100" ind1="1" ind2=" ">
    <subfield code="a">Barnes, Ralph M.</subfield>
  </datafield>
  <datafield tag="999" ind1=" " ind2=" ">
    <subfield code="c">2748</subfield>
    <subfield code="d">2748</subfield>
  </datafield>
  <datafield tag="952" ind1=" " ind2=" ">
    <subfield code="0">0</subfield>
    <subfield code="1">0</subfield>
    <subfield code="4">0</subfield>
    <subfield code="7">0</subfield>
    <subfield code="a">BCEJYS</subfield>
    <subfield code="b">BCEJYS</subfield>
    <subfield code="c">16</subfield>
    <subfield code="d">2026-04-07</subfield>
    <subfield code="l">0</subfield>
    <subfield code="o">658.53 B259 5ed.</subfield>
    <subfield code="p">L24618</subfield>
    <subfield code="r">2026-04-07 15:56:42</subfield>
    <subfield code="w">2026-04-07</subfield>
    <subfield code="y">L</subfield>
  </datafield>
</record>
